Dvojročná záruka je už definitívna poslanci vyšli v ústrety prezidentovi, dvojsečná ...

Bibliographic Details
Main Author: Véghová, Jana (00)
Format: Article
Language:Slovak
PhysicalDescription:Obr.
ISSN:1335-4671
Subjects:

MARC

LEADER 00000nab a2200000 a 4500
001 vtls000867401
003 SK-MaSNL
005 20260426071703.0
008 180206c2004 xo 0 slo
015 |a SNBRB2004/03-09462 
035 |a CLN000218953 
040 |a SNKBUCL  |b slo  |c SNKBUCL  |e AACR2 
041 0 |a slo 
044 |a xo  |c SK 
080 |a 366.546  |2 UDC-MRF-SK2 
080 |a 658.818.4  |2 UDC-MRF-SK2 
100 1 |a Véghová, Jana  |4 00  |9 896859 
245 1 0 |a Dvojročná záruka je už definitívna  |b poslanci vyšli v ústrety prezidentovi, dvojsečná ...  |c Jana Véghová 
300 |b Obr. 
650 0 7 |a ochrana spotrebiteľa  |2 SNKPH  |9 2673 
650 0 7 |a spotrebný tovar  |2 SNKPH  |9 3633 
650 0 7 |a záručné lehoty  |2 SNK  |9 1326955 
651 7 |a Slovensko  |2 SNKPHgeo  |9 14231 
655 7 |a články z novín a časopisov  |2 SNK  |9 267496 
773 0 |x 1335-4671  |t Národná obroda  |g Roč. XV, č. 53 (4.3.2004), s. 5 
850 |a Slovenská národná knižnica v Martine 
852 |a SNK  |b KIS3GCP 
958 |a RBX 
999 |c 2681021  |d 2682951